| 000 | 00000nam##2200000za#4500 |
| 001 | 9.699773 |
| 003 | CaOODSP |
| 005 | 20210625000531 |
| 007 | cr ||||||||||| |
| 008 | 150407|1961||||xxc|||||o f|0| 0 eng|d |
| 040 | |aCaOODSP|beng |
| 043 | |an-cn--- |
| 086 | 1 |aZ1-1959/3-1E-PDF |
| 110 | 1 |aCanada. |bPrivy Council Office. |
| 245 | 10|aRoyal Commission on Transportation. Vol. I / |h[electronic resource]|cM.A. MacPherson, chairman. |
| 260 | |aOttawa - Ontario : |bPrivy Council Office |cMarch 1961. |
| 300 | |a108p.|btables |
| 500 | |aHistorical publication digitized in 2010 by Privy Council Office of Canada. The catalogue number (Z1-1960/3-1) for the print edition has been copied in this electronic publication. |
| 590 | |a15-04-Supp|b2015-03-19 |
| 690 | 07|aCommissions of inquiry|2gcpds |
| 690 | 07|aTransport|2gcpds |
| 775 | 08|tCommission royale d'enquête sur les transports. Vol. I |w(CaOODSP)9.643750 |
| 856 | 40|ahttp://publications.gc.ca|qPDF|s4.55 MB|uhttps://publications.gc.ca/collections/collection_2014/bcp-pco/Z1-1960-3-1-eng.pdf |